Közösségi oldalak elemzése és összehasonlítása

Elmentve itt :
Bibliográfiai részletek
Szerző: Bolega Nikoletta
További közreműködők: Márton Attila (Témavezető)
Dokumentumtípus: Szakdolgozat
Megjelent: 2011
Tárgyszavak:
Online Access:http://diploma.bibl.u-szeged.hu/40419
LEADER 00563nta a2200157 i 4500
001 dipl40419
005 20130418105606.0
008 130418s2011 hu om 0|| hun d
040 |a SZTE Diploma Repozitórium  |b hun 
041 |a hun 
100 1 |a Bolega Nikoletta  
245 1 0 |a Közösségi oldalak elemzése és összehasonlítása   |h [elektronikus dokumentum] /  |c Nikoletta Bolega 
260 |c 2011 
650 4 |a Bölcsészettudományok 
700 1 |a Márton Attila  |e ths 
856 4 0 |u http://diploma.bibl.u-szeged.hu/id/eprint/40419/1/2011_bolega_nikoletta.pdf  |z Dokumentum-elérés